From mud house to Rashtrapati Bhawan (Record no. 354789)

000 -LEADER
fixed length control field 00367cam a22001337a 4500
008 - FIXED-LENGTH DATA ELEMENTS--GENERAL INFORMATION
fixed length control field 180718b1982 xxu||||| |||| 00| 0 eng d
082 ## - DEWEY DECIMAL CLASSIFICATION NUMBER
Classification number A99 Si64/So58
100 ## - MAIN ENTRY--PERSONAL NAME
Personal name Soni, Sat
245 ## - TITLE STATEMENT
Title From mud house to Rashtrapati Bhawan
Statement of responsibility, etc. by Sat Soni
260 ## - PUBLICATION, DISTRIBUTION, ETC.
Place of publication, distribution, etc. Delhi
Name of publisher, distributor, etc. I.S.S.D.
Date of publication, distribution, etc. 1982
300 ## - PHYSICAL DESCRIPTION
Extent 140p.
650 ## - SUBJECT ADDED ENTRY--TOPICAL TERM
Topical term or geographic name entry element Presidents - India
650 ## - SUBJECT ADDED ENTRY--TOPICAL TERM
Topical term or geographic name entry element Singh, Gaini Zail,1916--
Holdings
Withdrawn status Lost status Damaged status Not for loan Permanent Location Current Location Date acquired Full call number Barcode Date last seen Price effective from Koha item type
        Indian Institute of Public Administration Indian Institute of Public Administration 1993-12-14 A99 Si64/So58 59189 2018-07-21 2018-07-21 Book

Powered by Koha